| 000 | 01444nam0a2200313 4500 | ||
|---|---|---|---|
| 001 | RU\NLR\bibl\1720104 | ||
| 005 | 20260405212734.0 | ||
| 010 |
_a978-5-9902469-1-1 _93000 |
||
| 021 |
_aRU _b2010-96136 _96485 |
||
| 035 | _a(NLR Aleph) 001711101 | ||
| 090 |
_a1280713 _c1280713 |
||
| 100 | _a20101228d2010 |||y0rusy50 ca | ||
| 101 | 0 | _arus | |
| 102 | _aRU | ||
| 105 | _aa ||||||||| | ||
| 200 | 1 |
_aМастерская снега, или Секрет Повторимости _eсказка для детей, а также взрослых, которые взрослыми только кажутся _fАна-Банана _g[худ.: Марина Кузнецова, Катя Трегубова] |
|
| 210 |
_aМосква _cЦенр Тамары Глоба _d2010 |
||
| 215 |
_a124, [3] с. _cцв. ил. _d30 |
||
| 300 | _aВ макете и в вып. дан. авт.: Ана-Банана (Анна Трескунова) | ||
| 686 | _aШ9(2)60=Р7-2 | ||
| 700 | 1 |
_4070 _8rus _7ca _aТрескунова _bА. _gАнна _3RU\NLR\auth\7795813 _978739 |
|
| 702 | 1 |
_4040 _8rus _7ca _aКузнецова _bМ. _cхудожник _gМарина _3RU\NLR\auth\7795814 _978740 |
|
| 702 | 1 |
_4040 _8rus _7ca _aТрегубова _bЕ. Г. _cхудожник _gЕкатерина Г. _3RU\NLR\auth\7795815 _978741 |
|
| 801 | 0 |
_aRU _bNLR _c20101228 _gRCR |
|
| 801 | 1 |
_aRU _bNLR _c20101228 |
|
| 942 | _cBOOK | ||
| 980 | _aNB | ||